| 000 | 00450nam a22001697a 4500 | ||
|---|---|---|---|
| 003 | MPLRDC | ||
| 005 | 20220104123606.0 | ||
| 008 | 210129b ||||| |||| 00| 0 eng d | ||
| 082 | _a410.7 HTC | ||
| 100 | _a洪天赐 编 | ||
| 245 |
_a科技与医药论集 _c |
||
| 260 |
_a _b马来西亚雪兰莪中华大 _c1985 |
||
| 300 | _b平 | ||
| 490 | _a马来西亚华社资料研究中心书系. 3 | ||
| 650 | _a医药总论 | ||
| 942 |
_cBK _o410.7 HTC |
||
| 999 |
_c12632 _d12622 |
||